Tulunadavara samaja: Tulunadavara ritirivajugalu (Record no. 149702)
[ view plain ]
| 000 -LEADER | |
|---|---|
| fixed length control field | 03901nam a2200241Ia 4500 |
| 003 - CONTROL NUMBER IDENTIFIER | |
| control field | OSt |
| 005 - DATE AND TIME OF LATEST TRANSACTION | |
| control field | 20251204101906.0 |
| 008 - FIXED-LENGTH DATA ELEMENTS--GENERAL INFORMATION | |
| fixed length control field | 210210b2010 xxu||||| |||| 00| 0 eng d |
| 040 ## - CATALOGING SOURCE | |
| Transcribing agency | AL |
| 041 ## - LANGUAGE CODE | |
| Language code of text/sound track or separate title | Kannada |
| 082 ## - DEWEY DECIMAL CLASSIFICATION NUMBER | |
| Classification number | 305.895487K SACT |
| 100 ## - MAIN ENTRY--PERSONAL NAME | |
| Personal name | SACHCHIDANANDA HEGDE |
| Dates associated with a name | ಸಚ್ಚಿದಾನಂದ ಹೆಗ್ಡೆ |
| 9 (RLIN) | 211781 |
| 245 ## - TITLE STATEMENT | |
| Title | Tulunadavara samaja: Tulunadavara ritirivajugalu |
| Remainder of title | ತುಳುನಾಡವರ ಸಮಾಜ: ತುಳುನಾಡವರ ರೀತಿರಿವಾಜುಗಳು |
| 260 ## - PUBLICATION, DISTRIBUTION, ETC. | |
| Place of publication, distribution, etc. | BengaLUru |
| Name of publisher, distributor, etc. | Kaustubha Prakashana |
| Date of publication, distribution, etc. | 2010 |
| 300 ## - PHYSICAL DESCRIPTION | |
| Extent | 230 |
| 520 ## - SUMMARY, ETC. | |
| Summary, etc. | ವಿಷಯಸೂಚಿ:<br/>ಅಧ್ಯಾಯ 1 : ಪ್ರಾಚೀನ ತುಳುವ ಸಮಾಜ<br/>1. ತುಳುನಾಡಿನ ಪ್ರಾಚೀನ ಹಿಂದೂಸಮಾಜ <br/>2. ಅಳಿಯಸಂತಾನ ಪದ್ಧತಿ<br/>3. ಭಟ್ಟಾಚಾರ್ಯರ ಗ್ರಾಮಪದ್ಧತಿ<br/>4. ತುಳುನಾಡಿನ ಸ್ಥಳೀಯಾಡಳಿತ ವ್ಯವಸ್ಥೆ <br/>5. ಭೂತಾಳಪಾಂಡ್ಯನ ಕಟ್ಟುಕಟ್ಟಳೆಗಳು <br/>6. ಅಜಲುಪದ್ಧತಿ<br/>7. ನ್ಯಾಯಾಡಳಿತಕ್ಕೆ ಪತ್ತೇರಿಕೂಟ <br/>8. ಚಾವಡಿ<br/>ಅಧ್ಯಾಯ 2 : ಜಾತಿವ್ಯವಸ್ಥೆ<br/>9. ತುಳುನಾಡಿನ ಜಾತಿವ್ಯವಸ್ಥೆ<br/>10. ತುಳುನಾಡಿನ ಪರಿಶಿಷ್ಟರು<br/>11. ಬಿಲ್ಲವರು<br/>12. ಮೊಗೇರರು<br/>13. ತುಳುನಾಡಿನ ಇತರ ಜಾತಿಗಳವರು<br/>ಅಧ್ಯಾಯ 3 : ಬ್ರಾಹ್ಮಣ ವರ್ಗ<br/>14. ತೌಳವ ಬ್ರಾಹ್ಮಣರು<br/>15. ವಿದೇಶೀ ಮೂಲದ ಸೂರ್ಯಾರಾಧಕ ಬ್ರಾಹ್ಮಣರು<br/>16. ಗೌಡಸಾರಸ್ವತ ಬ್ರಾಹ್ಮಣರು <br/>17. ವಿಶ್ವಕರ್ಮರು<br/>ಅಧ್ಯಾಯ 4 : ಒಕ್ಕಲಿಗರು<br/>18. ಬಂಟ/ನಾಡವರು<br/>19. ಬಂಟ/ನಾಡವ ಮಹಿಳೆಯರು<br/>20. ಬಂಟ/ನಾಡವರ ಮನೆಗಳು<br/>21. ಬಂಟ/ನಾಡವರ ಧಾರ್ಮಿಕ ಒಲವುಗಳು <br/>ಅಧ್ಯಾಯ 5 : ಧರ್ಮಪಂಥಗಳು<br/>22. ತುಳುನಾಡಿನಲ್ಲಿ ವೈದಿಕಧರ್ಮ<br/>23. ತುಳುನಾಡಿನಲ್ಲಿ ನಾಥಪಂಥದ ಪ್ರಭಾವ <br/>24. ತುಳುನಾಡಿನಲ್ಲಿ ಬೌದ್ಧಧರ್ಮ<br/>25. ತುಳುನಾಡಿನ ಜೈನರು<br/>26. ತುಳುನಾಡಿನಲ್ಲಿ ವೀರಶೈವಧರ್ಮ <br/>27. ತುಳುನಾಡಿನಲ್ಲಿ ಕ್ರಿಶ್ಚಿಯನ್ ಧರ್ಮ <br/>28. ತುಳುನಾಡಿನಲ್ಲಿ ಇಸ್ಲಾಂ ಧರ್ಮ <br/>ಅಧ್ಯಾಯ 6 : ತುಳುನಾಡವರ ರೀತಿರಿವಾಜುಗಳು<br/>29. ತುಳುನಾಡಿನ ಪ್ರಾಚೀನ ಧರ್ಮ<br/>30. ನಾಗಾರಾಧನೆ <br/>31. ಆಲಡೆ <br/>32. ಬ್ರಹ್ಮರ್<br/>33. ಭೂತಾರಾಧನೆ<br/>34. ಊರ ದೇವಸ್ಥಾನದ ಆಯನ ಮತ್ತು ಗರಡಿಯ ಕೋಲ <br/>35. ತುಳುನಾಡಿನ ಧಾರ್ಮಿಕ ಹಾಗೂ ಮನೋರಂಜನಾ ಕ್ರೀಡೆಗಳು <br/>36. ತುಳುನಾಡಿನ ವಿಶಿಷ್ಠ ಹಬ್ಬಗಳು <br/>37. ಸಾಂಪ್ರದಾಯಿಕ ಸಂಸ್ಕಾರಕ್ರಿಯೆಗಳು <br/>38. ಸಾಂಪ್ರದಾಯಿಕ ವಿವಾಹಪದ್ಧತಿ <br/>39. ಶವಸಂಸ್ಕಾರ ಮತ್ತು ಉತ್ತರಕ್ರಿಯೆ<br/>40. ಸಾಂಪ್ರದಾಯಿಕ ಉಡುಪುಗಳು ಮತ್ತು ಚಿನ್ನಾಭರಣಗಳು<br/>41. ಸಾಂಪ್ರದಾಯಿಕ ಊಟತಿಂಡಿಗಳು <br/> |
| 650 ## - SUBJECT ADDED ENTRY--TOPICAL TERM | |
| Topical term or geographic name entry element | TuLunADavara |
| 9 (RLIN) | 211782 |
| 650 ## - SUBJECT ADDED ENTRY--TOPICAL TERM | |
| Topical term or geographic name entry element | samAja |
| 9 (RLIN) | 211783 |
| 650 ## - SUBJECT ADDED ENTRY--TOPICAL TERM | |
| Topical term or geographic name entry element | rItirivAjugaLu |
| 9 (RLIN) | 211784 |
| 690 ## - LOCAL SUBJECT ADDED ENTRY--TOPICAL TERM (OCLC, RLIN) | |
| Topical term or geographic name as entry element | Dakshina Kannada |
| 9 (RLIN) | 211785 |
| 906 ## - LOCAL DATA ELEMENT F, LDF (RLIN) | |
| a | 067318 |
| 942 ## - ADDED ENTRY ELEMENTS (KOHA) | |
| Source of classification or shelving scheme | Dewey Decimal Classification |
| Koha item type | Book |
| Withdrawn status | Lost status | Damaged status | Not for loan | Collection code | Home library | Current library | Shelving location | Date acquired | Source of acquisition | Cost, normal purchase price | Total Checkouts | Full call number | Barcode | Date due | Date last seen | Date last checked out | Price effective from | Koha item type |
|---|---|---|---|---|---|---|---|---|---|---|---|---|---|---|---|---|---|---|
| Tulu | St Aloysius Library | St Aloysius Library | 02/17/2021 | Navasiri Prakashana, Mangalore | 115.00 | 2 | 305.895487K SACT | 067318 | 09/01/2026 | 05/04/2026 | 05/04/2026 | 02/17/2021 | Book |